000 00649nam a2200241Ia 4500
003 OSt
005 20220918215429.0
006 a|||||r|||| 00| 0
007 ta
008 220917b |||||||| |||| 00| 0 eng d
024 _a141,234
037 _cTextual
040 _aARTS
_cARTS
_beng
041 _2eng
_aeng
082 _aY1, G6
100 _aHouse Floyd Nelson
_9134093
245 0 _aDevelopment of sociology
260 _aNA
_bNA
_c1936
490 _aMcGraw Hill publications in sociology ed by Edward Byron Reuter
650 _aSOCIOLOGY
942 _hY1, G6
_cTEXL
_2CC
999 _c264195
_d264195